00696nam a2200181 a 45000010005000000030009000050080041000140400028000550820017000831000058001002450078001582600053002363000010002896500034002999420012003339990017003459520152003627537CO-ViMGA141112s2004 ck r 000 u spa d aCO-ViMGAbspacCO-ViMGA04a350.829 C6561 aColombia. Contraloria General de la República9686210aEl racionamiento electrico 1992, antecedentes, causas y responsabilidades aSantafé de Bogotá : bLa contraloria, c1992 a334 p14aRACIONAMIENTO ELECTRICO96863 2ddccBK c19484d19484 01102ddc40708002aMEVIECARbMEVIECARd2015-12-04hVolumen. 1 | 11/jun/2009l0o350.829 C656 p03946r2015-12-04 00:00:00tEj. 1w2015-12-04yBK